00521nam a2200193 a 4500001001300000003000900013005001700022008004100039020001000080082001500090100001700105245007700122260004400199300000900243500003500252505001000287650001300297700001700310nice12345678IN_TiNIC20260116013626.0070718s1994 gena grp 000 0 eng  ac10000a266.2bKOS aKoshy, Ninan aChurches in the World of NationsbInternational Politics and the Mission aGenevabWorld Council of Churchesc1994 a120p aincludes index and biblioraphy2 aIndex aMissions1 aKoshy, Ninan